Focus 2 (Record no. 77065)
[ view plain ]
| 000 -LEADER | |
|---|---|
| fixed length control field | 00993cab a2200253 4500 |
| 001 - CONTROL NUMBER | |
| control field | ##L133529 |
| 008 - FIXED-LENGTH DATA ELEMENTS--GENERAL INFORMATION | |
| fixed length control field | 060516n2006 000 0 eng u |
| 035 ## - SYSTEM CONTROL NUMBER | |
| System control number | (Sirsi) u133529 |
| 041 0# - LANGUAGE CODE | |
| Language code of text/sound track or separate title | eng |
| 100 1# - MAIN ENTRY--PERSONAL NAME | |
| Personal name | Cavanagh, Elaine |
| 245 00 - TITLE STATEMENT | |
| Title | Focus 2 |
| Remainder of title | Somerset, Devon and Cornwall |
| 260 ## - PUBLICATION, DISTRIBUTION, ETC. | |
| Date of publication, distribution, etc. | 2006 |
| 490 #0 - SERIES STATEMENT | |
| Series statement | Estates Gazette |
| Volume/sequential designation | (0619) 13 May 2006, 125-141(11) |
| 520 ## - SUMMARY, ETC. | |
| Summary, etc. | Covers inward investment in Weston-super-Mare and regeneration in Taunton. Reports on the Exeter office market, the convertion of former MOD dockyards in Plymouth into mixed use developments and brownfield redevelopment of car parks and former indjustrial sites in Cornwall. Reviews the success of the Cornish hotel and restaurant markets. |
| 590 ## - LOCAL NOTE (RLIN) | |
| Local note | IKA230506 |
| 651 #4 - SUBJECT ADDED ENTRY--GEOGRAPHIC NAME | |
| Geographic name | SOMERSET |
| 651 #4 - SUBJECT ADDED ENTRY--GEOGRAPHIC NAME | |
| Geographic name | DEVON |
| 651 #4 - SUBJECT ADDED ENTRY--GEOGRAPHIC NAME | |
| Geographic name | CORNWALL |
| 690 ## - LOCAL SUBJECT ADDED ENTRY--TOPICAL TERM (OCLC, RLIN) | |
| Topical term or geographic name as entry element | PROPERTY-COMMERCIAL PROPERTY-COMMERCIAL PROPERTY MARKET |
| 700 1# - ADDED ENTRY--PERSONAL NAME | |
| Personal name | Halstead, Ian |
| 700 1# - ADDED ENTRY--PERSONAL NAME | |
| Personal name | Taylor, Andrew |
| 700 1# - ADDED ENTRY--PERSONAL NAME | |
| Personal name | Shrimpton, David |
| 942 ## - ADDED ENTRY ELEMENTS (KOHA) | |
| Suppress in OPAC | 0 |
| Withdrawn status | Lost status | Source of classification or shelving scheme | Damaged status | Not for loan | Home library | Current library | Shelving location | Date acquired | Total Checkouts | Full call number | Barcode | Date last seen | Copy number | Price effective from | Koha item type |
|---|---|---|---|---|---|---|---|---|---|---|---|---|---|---|---|
| Dewey Decimal Classification | London | London | Journal article | 16/05/2006 | L133529 | 133529-1001 | 06/08/2019 | 1 | 06/08/2019 | Journal article |